Λαικό παραμύθι και παραμυθάδες στην Ελλάδα
Αποθηκεύτηκε σε:
| Άλλοι συγγραφείς: | , |
|---|---|
| Μορφή: | Βιβλίο |
| Γλώσσα: | Greek |
| Δημοσίευση: |
Αθήνα :
Καστανιώτης,
1995
|
| Θέματα: | |
| Ετικέτες: |
Προσθήκη ετικέτας
Δεν υπάρχουν, Καταχωρήστε ετικέτα πρώτοι!
|
MARC
| LEADER | 00000cam a2200000 i 4500 | ||
|---|---|---|---|
| 001 | 1/65577 | ||
| 008 | 990112s1995 gr | ||| |||| ||gre|| | ||
| 020 | |a 9600314349 | ||
| 035 | |l 10047158 | ||
| 040 | |a GR-MY-UA |b gre |e aacr | ||
| 041 | 0 | |a gre | |
| 082 | 0 | |a 398.2 | |
| 245 | 1 | 0 | |a Λαικό παραμύθι και παραμυθάδες στην Ελλάδα / |c επιμέλεια: Β.Δ. Αναγνωστόπουλος - Κώστας Λιάπης |
| 260 | |a Αθήνα : |b Καστανιώτης, |c 1995 | ||
| 300 | |a 214 σ. | ||
| 650 | 0 | 0 | |a Fairy tales |z Greece. |
| 700 | 1 | |a Αναγνωστόπουλος, Βασίλειος Δ., |d 1941- |4 edt | |
| 700 | 1 | |a Λιάπης, Κώστας, |d 1935- |4 edt | |
| 852 | |a INST |b RHODES |e 19990112 |h 398.2 ΛΑΙ |p 005400005836 |q 005400005836 |t BK |y 0 | ||
| 901 | |a BIBL-1999-1 | ||
| 909 | |a Ρ |b 053562 |c 1998 | ||
| 922 | |a 4ΕΛΗ |b 199801 |c ΚΠΣ/ΔΕ |d EMVASIS | ||
| 970 | |z 2000/07/ΚΑΤΕΡΙΝΑ | ||
| 970 | |z 2000/07/ΚΑΤΕΡΙΝΑ | ||